000 00355nam a22001457a 4500
008 250520b |||||||| |||| 00| 0 eng d
020 _a9780571368686
050 _aPR6061.E329 S63
_b.K44
100 _aKeegan Claire
245 _aSmall Things Like These.
260 _aLondon
_bFaber
_c2021
300 _a116p.
_b20.5cm;
650 _aFiction
942 _cBK
999 _c3557
_d3557